BURA members' survey of the Urban Task Force Report "Towards an Urban Renaissance" : In association with Arthur Anderson - Summary conclusions April 2000 (Record no. 100575)

MARC details
000 -LEADER
fixed length control field 00646cam a2200205 4500
001 - CONTROL NUMBER
control field J106539
008 - FIXED-LENGTH DATA ELEMENTS--GENERAL INFORMATION
fixed length control field 000000n2000 000 0 eng u
035 ## - SYSTEM CONTROL NUMBER
System control number (Sirsi) u106539
050 ## - LIBRARY OF CONGRESS CALL NUMBER
Classification number 711.52
110 ## - MAIN ENTRY--CORPORATE NAME
Corporate name or jurisdiction name as entry element British Urban Regeneration Association
9 (RLIN) 1394
245 ## - TITLE STATEMENT
Title BURA members' survey of the Urban Task Force Report "Towards an Urban Renaissance" : In association with Arthur Anderson - Summary conclusions April 2000
260 ## - PUBLICATION, DISTRIBUTION, ETC.
Place of publication, distribution, etc. London
Name of publisher, distributor, etc. BURA
Date of publication, distribution, etc. 2000
300 ## - PHYSICAL DESCRIPTION
Extent 18p. ; 30cm.
650 ## - SUBJECT ADDED ENTRY--TOPICAL TERM
Topical term or geographic name entry element URBAN REGENERATION
650 ## - SUBJECT ADDED ENTRY--TOPICAL TERM
Topical term or geographic name entry element BURA
650 ## - SUBJECT ADDED ENTRY--TOPICAL TERM
Topical term or geographic name entry element RENEWAL
690 ## - LOCAL SUBJECT ADDED ENTRY--TOPICAL TERM (OCLC, RLIN)
Topical term or geographic name as entry element REGENERATION
710 ## - ADDED ENTRY--CORPORATE NAME
Corporate name or jurisdiction name as entry element Arthur Andersen
9 (RLIN) 2223
942 ## - ADDED ENTRY ELEMENTS (KOHA)
Suppress in OPAC 0
Holdings
Withdrawn status Lost status Source of classification or shelving scheme Damaged status Not for loan Home library Current library Shelving location Date acquired Total Checkouts Full call number Barcode Date last seen Date last checked out Copy number Price effective from Koha item type
    Dewey Decimal Classification     London London Folio 19/06/2000 9 F711.52 BRI 30061615 06/08/2019 18/05/2004 1 06/08/2019 Book